Yang terbaik daripada Awang Selamat : (Record no. 3872)
[ view plain ]
| 000 -LEADER | |
|---|---|
| fixed length control field | nam a22 a 4500 |
| 003 - CONTROL NUMBER IDENTIFIER | |
| control field | AKMAL |
| 005 - DATE AND TIME OF LATEST TRANSACTION | |
| control field | 20170524114338.0 |
| 008 - FIXED-LENGTH DATA ELEMENTS--GENERAL INFORMATION | |
| fixed length control field | 170524s1994 my 00 may d |
| 020 ## - INTERNATIONAL STANDARD BOOK NUMBER | |
| International Standard Book Number | 9676104094 (kkt.): |
| Terms of availability | RM 20.90 |
| 040 ## - CATALOGING SOURCE | |
| Original cataloging agency | AKMAL |
| 082 04 - DEWEY DECIMAL CLASSIFICATION NUMBER | |
| Classification number | 070.44 ZAI |
| 090 00 - LOCALLY ASSIGNED LC-TYPE CALL NUMBER (OCLC); LOCAL CALL NUMBER (RLIN) | |
| Classification number (OCLC) (R) ; Classification number, CALL (RLIN) (NR) | 070.44 |
| Local cutter number (OCLC) ; Book number/undivided call number, CALL (RLIN) | ZAM |
| 100 0# - MAIN ENTRY--PERSONAL NAME | |
| Personal name | Zainuddin Maidin |
| 9 (RLIN) | 102 |
| 245 10 - TITLE STATEMENT | |
| Title | Yang terbaik daripada Awang Selamat : |
| Remainder of title | koleksi pilihan 1987-1992 / |
| Statement of responsibility, etc. | Zainuddin Maidin |
| 260 ## - PUBLICATION, DISTRIBUTION, ETC. | |
| Place of publication, distribution, etc. | Kuala Lumpur : |
| Name of publisher, distributor, etc. | Utusan Publications & Distributors , |
| Date of publication, distribution, etc. | 1994 |
| 300 ## - PHYSICAL DESCRIPTION | |
| Extent | xii, 524ms. : |
| Other physical details | ; |
| Dimensions | 18cm |
| 521 ## - TARGET AUDIENCE NOTE | |
| Target audience note | peringkat pembaca: Dewasa |
| 650 ## - SUBJECT ADDED ENTRY--TOPICAL TERM | |
| Topical term or geographic name entry element | Malay essays |
| 9 (RLIN) | 7507 |
| 650 ## - SUBJECT ADDED ENTRY--TOPICAL TERM | |
| Topical term or geographic name entry element | Malay literature |
| General subdivision | History and criticism |
| 9 (RLIN) | 5709 |
| 650 ## - SUBJECT ADDED ENTRY--TOPICAL TERM | |
| Topical term or geographic name entry element | Literature |
| General subdivision | History and criticism |
| 9 (RLIN) | 7650 |
| 700 0# - ADDED ENTRY--PERSONAL NAME | |
| Personal name | Zainuddin Maidin |
| 9 (RLIN) | 102 |
| 942 ## - ADDED ENTRY ELEMENTS (KOHA) | |
| Source of classification or shelving scheme | |
| Koha item type | Book |
| Withdrawn status | Lost status | Source of classification or shelving scheme | Damaged status | Not for loan | Collection code | Home library | Current library | Shelving location | Date acquired | Inventory number | Total Checkouts | Full call number | Barcode | Date last seen | Price effective from | Koha item type |
|---|---|---|---|---|---|---|---|---|---|---|---|---|---|---|---|---|
| FICTION | AKMAL Melaka | AKMAL Melaka | PINJAMAN | 24.05.2017 | 00548 | 070.44 ZAI | 201705162 | 24.05.2017 | 24.05.2017 | Book |
